| 000 | 00567nam a2200169 i 4500 | ||
|---|---|---|---|
| 001 | 51584 | ||
| 003 | ES-MaACL | ||
| 007 | t| | ||
| 008 | 030813s1950 ag ||||1| spa d | ||
| 100 | 1 |
_aDallin, David J. _942494 |
|
| 245 | 1 | 0 |
_aTrabajo forzado en la Rusia soviética / _cDavid J. Dallin y Boris I. Nicolaevsky ; [traducción de Carlos Juan vega]. |
| 260 |
_aBuenos Aires : _bDifusión, _c[1950] ( _fGoyena) |
||
| 300 |
_a366 p. ; _c22 cm. |
||
| 700 | 1 |
_aNicolaevsky, Boris I. _985554 |
|
| 700 | 1 |
_aVega, Carlos Juan. _9113539 |
|
| 852 |
_aES-MaACL _jL-5887 _bR.106531 |
||
| 999 |
_c51584 _d51584 |
||